000 00495nam a2200169Ia 4500
003 GCL
008 140319s9999 xx 000 0 eng d
040 _aGCL /
_cGCL
082 0 4 _a621.42
_bO T
100 1 _aORGAN, ALLEN J
245 1 0 _aTHERMODYNAMICS AND GAS DYNAMICS OF THE STIRLING CYCLE MACHINE /
_cORGAN, ALLEN J
260 _a[S.N] :
_bCAMLRIDGE UNIVERSITY PRESS ،
_c1992
300 _a415.P
650 0 4 _aTHERMODYNAMICS
650 0 4 _aSTIRLING ENGINES- DESIGN AND C
942 _2ddc
_cBK
999 _c16949
_d16949